[Event "ST Grächen VS"]
[Site "?"]
[Date "2013.??.??"]
[Round "1"]
[White "Schaad, Pierluigi"]
[Black "Hohler, Peter"]
[Result "1/2-1/2"]
[WhiteElo "1960"]
[BlackElo "2213"]
[PlyCount "125"]
[SourceDate "2013.07.11"]

1. Nf3 Nf6 2. g3 d5 3. Bg2 c6 4. O-O Bf5 5. b3 e6 6. Bb2 h6 7. d3 Be7 8. Nbd2
O-O 9. Re1 Bh7 10. e4 a5 11. a4 Na6 12. Qe2 Re8 13. e5 Nd7 14. Nd4 Nc7 15. f4
c5 16. N4f3 Nb8 17. Kh1 Nc6 18. c3 Rb8 19. Red1 f6 20. Bh3 fxe5 21. fxe5 Rf8
22. Rf1 c4 23. Ne1 Rxf1+ 24. Bxf1 cxd3 25. Nxd3 Bxd3 26. Qxd3 Nxe5 27. Qe2 Bf6
28. Rd1 Qe8 29. Ba3 Rc8 30. Bd6 Nf7 31. Bf4 e5 32. Be3 Ne6 33. Bb6 Rxc3 34.
Bxa5 Rc8 35. Qg2 e4 36. Bb5 Qe7 37. Bb6 Nd6 38. Be2 Rc2 39. Bg1 Bg5 40. Nf1 Rb2
41. Rxd5 Rxb3 42. Bd1 Rc3 43. Bg4 Nc7 44. Rd1 Kh8 45. Bb6 Na6 46. h4 Bf6 47.
Ne3 Nb4 48. Ba5 Rxe3 49. Bxb4 Be5 50. Be1 Rb3 51. Qg1 e3 52. Qg2 Rb2 53. Qd5 e2
54. Rc1 Qf6 55. Bf3 Qf5 56. Kg2 Qf6 57. Qd3 Qe7 58. Bd5 Bf6 59. Bf3 Qe5 60. Kh1
Qe6 61. Kg2 Qe5 62. Kh1 Qe6 63. Kg2 1/2-1/2

[Event "ST Grächen VS"]
[Site "?"]
[Date "2013.??.??"]
[Round "1"]
[White "Karl, Hans"]
[Black "Joncic, Dragan"]
[Result "1/2-1/2"]
[WhiteElo "2148"]
[BlackElo "1920"]
[PlyCount "37"]
[SourceDate "2013.07.11"]

1. d4 Nf6 2. c4 g6 3. Nc3 Bg7 4. e4 d6 5. f3 c6 6. Bg5 a6 7. a4 a5 8. Qd2 Na6
9. Bd3 Nd7 10. Nge2 Qb6 11. Be3 Qd8 12. O-O e5 13. Rad1 O-O 14. f4 exd4 15.
Nxd4 Ndc5 16. Bb1 Bg4 17. Rde1 Be6 18. Nxe6 Nxe6 19. Rd1 {rest nicht
nachvollziehbar!!} 1/2-1/2

[Event "ST Grächen VS"]
[Site "?"]
[Date "2013.??.??"]
[Round "1"]
[White "Bürgi, Jakob"]
[Black "Huss, Benjamin"]
[Result "0-1"]
[WhiteElo "1919"]
[BlackElo "2136"]
[PlyCount "132"]
[SourceDate "2013.07.11"]

1. e4 c5 2. Nf3 g6 3. Bc4 Nc6 4. O-O Bg7 5. c3 e5 6. Bb3 h6 7. d3 d6 8. Nbd2
Nge7 9. Re1 O-O 10. Nf1 b6 11. Ne3 Kh7 12. Bc2 Be6 13. Nf1 d5 14. Ng3 Qd7 15.
Ba4 d4 16. cxd4 cxd4 17. Bb3 Rac8 18. Bd2 Rc7 19. Rc1 Rfc8 20. Bxe6 Qxe6 21. b3
Qd6 22. Qc2 a5 23. Qb1 b5 24. Ne2 b4 25. Red1 Na7 26. Rxc7 Rxc7 27. Rc1 Nb5 28.
Rxc7 Qxc7 29. Kf1 Nc3 30. Qc2 Qb6 31. Ne1 g5 32. g3 Qb7 33. Ng1 Qd7 34. Kg2 f5
35. f3 f4 36. Bc1 Nc6 37. Ne2 Bf6 38. g4 Kg7 39. Bb2 h5 40. h3 h4 41. Nc1 Be7
42. Kf1 Na7 43. a4 Qc6 44. Kg2 Bc5 45. Kf1 Nc8 46. Ne2 Kg6 47. Nc1 Nb6 48. Kg2
Nd7 49. Kf1 Bb6 50. Kg2 Nc5 51. Kf1 Kf6 52. Kg2 Ke7 53. Kf1 Kd6 54. Kg2 N5xa4
55. bxa4 Nxa4 56. Qxc6+ Kxc6 57. Ba1 Nc3 58. Nc2 Kb5 59. Kf1 a4 60. Ke1 Bc5 61.
Kd2 Nb1+ 62. Kd1 b3 63. Ne1 Bb4 64. Ng2 Bc3 65. Bxc3 Nxc3+ 66. Kd2 b2 0-1

[Event "NAT Grächen VS"]
[Site "?"]
[Date "2013.??.??"]
[Round "4"]
[White "Lötscher, Roland"]
[Black "Bauer, Christian"]
[Result "0-1"]
[WhiteElo "2406"]
[BlackElo "2637"]
[PlyCount "80"]
[SourceDate "2013.07.11"]

1. d4 Nf6 2. c4 e6 3. g3 c5 4. d5 exd5 5. cxd5 b5 6. Nf3 Bb7 7. e4 Nxe4 8. Bxb5
Qa5+ 9. Nfd2 Be7 10. Bc4 Nd6 11. O-O O-O 12. Nc3 Re8 13. Re1 Na6 14. Bf1 Bf6
15. Rxe8+ Rxe8 16. Nb3 Qb6 17. Bf4 Ne4 18. Qe2 Bxc3 19. bxc3 Nf6 20. Qd2 Bxd5
21. Bg5 Nc7 22. Be3 d6 23. Rd1 Bf3 24. Qxd6 Bxd1 25. Qxd1 Ne6 26. Bc4 h5 27.
Qf3 Ng4 28. Bxe6 Qxe6 29. Bxc5 Qc4 30. Qd1 Qxc3 31. Kg2 Qc4 32. Bxa7 Qe4+ 33.
Qf3 Qxf3+ 34. Kxf3 Nxh2+ 35. Kg2 Ra8 36. Bc5 Ng4 37. a3 Ne5 38. Nd2 Nd3 39. Bd6
Ra6 40. Be7 f6 0-1

[Event "NAT Grächen VS"]
[Site "?"]
[Date "2013.??.??"]
[Round "4"]
[White "Miezis, Normunds"]
[Black "Raetsky, Alexander"]
[Result "1-0"]
[WhiteElo "2548"]
[BlackElo "2412"]
[PlyCount "99"]
[SourceDate "2013.07.11"]

1. c4 e5 2. g3 c6 3. d4 Bb4+ 4. Bd2 Bxd2+ 5. Qxd2 d6 6. Bg2 Nf6 7. Nc3 O-O 8.
e3 Be6 9. b3 exd4 10. Qxd4 d5 11. cxd5 Nxd5 12. Nge2 Qa5 13. Qa4 Qxa4 14. Nxa4
Na6 15. Nd4 Rad8 16. O-O Bc8 17. Rfc1 g6 18. a3 Ndc7 19. b4 Ne6 20. Nb3 Rfe8
21. Nc3 Nac7 22. Na5 Kg7 23. Rab1 a6 24. Na4 Nb5 25. Nb6 Re7 26. a4 Na7 27. Rd1
Rxd1+ 28. Rxd1 Rc7 29. Nb3 Kf8 30. f4 Ke7 31. e4 f6 32. Kf2 Bd7 33. Ke3 Nc8 34.
Na8 Nd6 35. Nxc7 Nxc7 36. Rc1 Be6 37. Na5 Bc8 38. Nc4 Nxc4+ 39. Rxc4 Be6 40.
Rc3 Kd6 41. Kd4 h6 42. e5+ fxe5+ 43. fxe5+ Ke7 44. Be4 g5 45. Kc5 Bd5 46. Bxd5
Nxd5 47. Rf3 Ke6 48. a5 h5 49. Rf8 Kxe5 50. Rf7 1-0

[Event "NAT Grächen VS"]
[Site "?"]
[Date "2013.??.??"]
[Round "4"]
[White "Stojanovic, Mihajlo"]
[Black "Gerber, Richard"]
[Result "1-0"]
[WhiteElo "2564"]
[BlackElo "2449"]
[PlyCount "89"]
[SourceDate "2013.07.11"]

1. Nf3 Nf6 2. c4 g6 3. Nc3 Bg7 4. e4 d6 5. d4 O-O 6. Be2 e5 7. dxe5 dxe5 8.
Qxd8 Rxd8 9. Bg5 Na6 10. Nd5 Rd6 11. Bxf6 Bxf6 12. Nxf6+ Rxf6 13. Nxe5 Re6 14.
f4 Re8 15. O-O-O Nc5 16. Bf3 g5 17. g3 a5 18. Rhe1 gxf4 19. gxf4 Ra6 20. Rg1+
Kf8 21. Nxf7 Nxe4 22. Ne5 Nf6 23. Rg5 Rd6 24. Rdg1 Re7 25. Bd5 Be6 26. Bxb7 Rd4
27. b3 Rxf4 28. Nc6 Rd7 29. Rxa5 Rf2 30. Ra8+ Ne8 31. Ne5 Re7 32. Nc6 Rd7 33.
Ne5 Re7 34. Rg2 Rf1+ 35. Kd2 Bh3 36. Re2 Rb1 37. Kc3 Kg7 38. Bf3 Bf1 39. Re3
Bh3 40. Bc6 Nd6 41. Rg3+ Kf6 42. Rf8+ Kxe5 43. Re3+ Ne4+ 44. Rxe4+ Kd6 45. Rf6+
1-0

[Event "NAT Grächen VS"]
[Site "?"]
[Date "2013.??.??"]
[Round "4"]
[White "Klauser, Markus"]
[Black "Sokolov, Andrei"]
[Result "1/2-1/2"]
[WhiteElo "2382"]
[BlackElo "2563"]
[PlyCount "57"]
[SourceDate "2013.07.11"]

1. e4 c5 2. Nf3 e6 3. d4 cxd4 4. Nxd4 Nf6 5. Nc3 d6 6. Be3 Nc6 7. Qd2 Be7 8. f3
O-O 9. O-O-O a6 10. g4 Nd7 11. h4 Nde5 12. Qf2 Bd7 13. Be2 b5 14. f4 b4 15. Nd5
exd5 16. fxe5 Nxe5 17. exd5 Qa5 18. Kb1 Qxd5 19. Nf5 Qe6 20. Bg5 f6 21. Bf4
Rfc8 22. Rhe1 Qf7 23. Bxe5 fxe5 24. Bf3 Bc6 25. Rf1 Qe8 26. Qg2 Bf8 27. Bd5+
Bxd5 28. Qxd5+ Kh8 29. Nxd6 1/2-1/2

[Event "NAT Grächen VS"]
[Site "?"]
[Date "2013.??.??"]
[Round "4"]
[White "Huss, Andreas"]
[Black "Gallagher, Joseph"]
[Result "1-0"]
[WhiteElo "2365"]
[BlackElo "2526"]
[PlyCount "93"]
[SourceDate "2013.07.11"]

1. d4 Nf6 2. c4 g6 3. Nf3 Bg7 4. Nc3 O-O 5. e4 d6 6. Be2 Na6 7. O-O e5 8. d5
Nc5 9. Qc2 a5 10. Bg5 h6 11. Be3 b6 12. Nd2 h5 13. h3 Nh7 14. a3 a4 15. b4 axb3
16. Nxb3 Nxb3 17. Qxb3 Bf6 18. Bh6 Re8 19. c5 dxc5 20. Bb5 Re7 21. Bc6 Ra5 22.
Nb5 Bg5 23. Bxg5 Nxg5 24. Qe3 Nh7 25. f4 Bd7 26. Bxd7 Qxd7 27. a4 exf4 28. Qxf4
Ra8 29. Nxc7 Rxa4 30. Rxa4 Qxa4 31. d6 Qd4+ 32. Kh1 Rd7 33. Nd5 Kg7 34. Nxb6
Rxd6 35. Qxf7+ Kh6 36. Nd5 Qxe4 37. Ne7 Rd2 38. Rf3 h4 39. Ng8+ Kg5 40. Qg7
Qb1+ 41. Kh2 Qb8+ 42. Kg1 Qb1+ 43. Rf1 Rxg2+ 44. Kxg2 Qe4+ 45. Rf3 Qe2+ 46. Rf2
Qe4+ 47. Kh2 1-0

[Event "NAT Grächen VS"]
[Site "?"]
[Date "2013.??.??"]
[Round "4"]
[White "Cebalo, Miso"]
[Black "Buss, Ralph"]
[Result "1-0"]
[WhiteElo "2438"]
[BlackElo "2395"]
[PlyCount "101"]
[SourceDate "2013.07.11"]

1. c4 c5 2. g3 g6 3. Bg2 Bg7 4. Nc3 Nc6 5. Nf3 e6 6. d3 Nge7 7. Bg5 h6 8. Bd2
b6 9. a3 Bb7 10. O-O O-O 11. Rb1 d5 12. Qc1 Kh7 13. b4 Nd4 14. bxc5 dxc4 15.
Nxd4 Bxg2 16. Kxg2 Qxd4 17. Rb4 Qxc5 18. Rxc4 Qh5 19. f3 Rfc8 20. Ne4 Rxc4 21.
Qxc4 Rc8 22. Qa4 Rc7 23. Rc1 b5 24. Qa5 Rxc1 25. Bxc1 Nc6 26. Qc7 Nd4 27. Qxf7
Qf5 28. Qxa7 Nxe2 29. Bb2 e5 30. Qe7 Nd4 31. Bxd4 exd4 32. h4 Qf8 33. Qd7 Qxa3
34. Qxb5 Qa2+ 35. Nf2 Qd2 36. h5 gxh5 37. Qf5+ Kg8 38. Qxh5 Qe2 39. Qd5+ Kf8
40. Qe4 Qd2 41. f4 Kf7 42. Qf3 Kg6 43. Kh3 h5 44. Ne4 Qe3 45. f5+ Kh7 46. Qf1
Bf8 47. f6 h4 48. f7 hxg3 49. Qf5+ Kh6 50. Qf6+ Kh7 51. Ng5+ 1-0

[Event "NAT Grächen VS"]
[Site "?"]
[Date "2013.??.??"]
[Round "4"]
[White "Pomini, Aurelien"]
[Black "Carron, Julien"]
[Result "1/2-1/2"]
[WhiteElo "2165"]
[BlackElo "2376"]
[PlyCount "57"]
[SourceDate "2013.07.11"]

1. e4 c5 2. Nf3 Nc6 3. d4 cxd4 4. Nxd4 e5 5. Nb5 d6 6. N1c3 a6 7. Na3 Be7 8.
Nd5 Nf6 9. Nxf6+ Bxf6 10. c4 O-O 11. Bd3 Bg5 12. Nc2 Bxc1 13. Rxc1 Qa5+ 14. Qd2
Qxa2 15. b4 Nd4 16. Nxd4 Qxd2+ 17. Kxd2 exd4 18. Rhd1 Be6 19. Ke1 Rfc8 20. Be2
Rc6 21. Rxd4 b5 22. Ra1 bxc4 23. b5 Rb6 24. Rxa6 Rbxa6 25. bxa6 Rxa6 26. Bxc4
Bxc4 27. Rxc4 g6 28. g4 g5 29. Ke2 1/2-1/2

[Event "NAT Grächen VS"]
[Site "?"]
[Date "2013.??.??"]
[Round "4"]
[White "Arcuti, Davide"]
[Black "Grandadam, Nicolas"]
[Result "1/2-1/2"]
[WhiteElo "2081"]
[BlackElo "2344"]
[PlyCount "116"]
[SourceDate "2013.07.11"]

1. d4 d5 2. c4 e6 3. Nc3 Bb4 4. cxd5 exd5 5. Qc2 Nf6 6. Bg5 Nbd7 7. e3 c5 8.
dxc5 Qa5 9. Bd3 Bxc3+ 10. bxc3 O-O 11. Ne2 Ne4 12. Bxe4 dxe4 13. O-O Nxc5 14.
Be7 Re8 15. Bxc5 Qxc5 16. Ng3 Bd7 17. Nxe4 Qf5 18. f3 Bc6 19. Rab1 b6 20. Rb4
Bxe4 21. fxe4 Qc5 22. Rd4 Re7 23. Qd3 Rae8 24. h3 h6 25. Rf2 Qc6 26. Rf4 Rc8
27. Rd8+ Rxd8 28. Qxd8+ Re8 29. Qd5 Qc7 30. c4 Re6 31. Qa8+ Kh7 32. Qd5 Qe7 33.
e5 g6 34. Kh1 Kg7 35. Kh2 Qc7 36. Re4 Qe7 37. Rf4 Qg5 38. Re4 Qf5 39. Qd4 g5
40. Qd5 Kh7 41. a3 Kg7 42. Qd4 Kg6 43. Qd5 h5 44. Qa8 Kg7 45. Qd5 h4 46. Kg1 a6
47. a4 a5 48. Kh2 Kg6 49. Qa8 Kh7 50. Qd5 Kg7 51. Kh1 Qf1+ 52. Kh2 Qf2 53. Kh1
Kh6 54. Qa8 Kh7 55. Qd5 Kg7 56. Kh2 Rd6 57. exd6 Qg3+ 58. Kg1 Qe1+ 1/2-1/2

[Event "NAT Grächen VS"]
[Site "?"]
[Date "2013.??.??"]
[Round "4"]
[White "Bluhm, Sonja"]
[Black "Friedrich, Norbert"]
[Result "0-1"]
[WhiteElo "2043"]
[BlackElo "2315"]
[PlyCount "100"]
[SourceDate "2013.07.11"]

1. e4 c5 2. Nc3 Nc6 3. Bb5 Nd4 4. Bc4 e6 5. Nf3 Nf6 6. O-O a6 7. d3 b5 8. Bb3
Nxb3 9. axb3 Bb7 10. e5 b4 11. Nb1 Nd5 12. Nbd2 Be7 13. Ne4 O-O 14. Nfg5 f6 15.
exf6 gxf6 16. Nh3 Kh8 17. c4 bxc3 18. bxc3 f5 19. Neg5 Bf6 20. Ra4 Nxc3 21. Qh5
Qe7 22. Rh4 Kg8 23. Re1 Nd5 24. Nf4 Qg7 25. Nxd5 Bxd5 26. Rh3 Qg6 27. Qxh7+
Qxh7 28. Nxh7 Rf7 29. Nxf6+ Rxf6 30. Bb2 Rg6 31. g3 Rg4 32. Be5 Rb4 33. Rh8+
Kf7 34. Rh7+ Kg6 35. Rg7+ Kh6 36. Rxd7 Rxb3 37. d4 c4 38. Rc7 a5 39. h4 a4 40.
Bf4+ Kg6 41. g4 fxg4 42. h5+ Kxh5 43. Rg7 Rf8 44. Rh7+ Kg6 45. Rh6+ Kg7 46. Bc1
Rh8 47. Rxh8 Kxh8 48. Bf4 a3 49. Ra1 c3 50. Bc1 c2 0-1

[Event "NAT Grächen VS"]
[Site "?"]
[Date "2013.??.??"]
[Round "4"]
[White "Habibi, Ali"]
[Black "Sprotte, Norbert"]
[Result "1/2-1/2"]
[WhiteElo "2265"]
[BlackElo "2144"]
[PlyCount "49"]
[SourceDate "2013.07.11"]

1. g3 Nf6 2. Bg2 d5 3. d3 e6 4. Nf3 Nc6 5. O-O Bc5 6. Nbd2 O-O 7. a3 a5 8. Qe1
e5 9. e4 dxe4 10. dxe4 b6 11. Qe2 Ba6 12. c4 Nd4 13. Nxd4 Qxd4 14. Rb1 a4 15.
b4 axb3 16. Rxb3 Rad8 17. g4 Bc8 18. Rg3 Be6 19. g5 Ne8 20. Bh3 Qd7 21. Qh5 g6
22. Qh4 Ng7 23. Nf3 Bd4 24. Nxd4 Qxd4 25. Be3 1/2-1/2

[Event "NAT Grächen VS"]
[Site "?"]
[Date "2013.??.??"]
[Round "4"]
[White "Hugentobler, Patrik"]
[Black "Saikrishnan, Sai"]
[Result "1/2-1/2"]
[WhiteElo "2237"]
[BlackElo "1979"]
[PlyCount "72"]
[SourceDate "2013.07.11"]

1. e4 e5 2. Nf3 Nc6 3. Bb5 a6 4. Bxc6 dxc6 5. O-O Be6 6. Nxe5 Qd4 7. Nf3 Qxe4
8. Ng5 Qf5 9. Nxe6 fxe6 10. d3 Nf6 11. Qe2 O-O-O 12. Nc3 Bc5 13. Be3 Bd6 14. f4
e5 15. Qf3 Ng4 16. Ne4 Rhf8 17. Nxd6+ cxd6 18. Bb6 Rde8 19. h3 Nf6 20. fxe5
Qxf3 21. Rxf3 Rxe5 22. Raf1 Re2 23. R1f2 Rfe8 24. Bd4 Rxf2 25. Kxf2 Re6 26.
Bxf6 gxf6 27. Rg3 Kd7 28. Rg7+ Re7 29. Rxe7+ Kxe7 30. Kf3 f5 31. Kf4 Kf6 32. d4
b6 33. c4 c5 34. d5 a5 35. b3 Kg6 36. h4 h5 1/2-1/2

[Event "NAT Grächen VS"]
[Site "?"]
[Date "2013.??.??"]
[Round "4"]
[White "Simon, Ralf-Axel"]
[Black "Zahn, Alina"]
[Result "1/2-1/2"]
[WhiteElo "2203"]
[BlackElo "1968"]
[PlyCount "75"]
[SourceDate "2013.07.11"]

1. Nf3 d5 2. c4 e6 3. g3 Nf6 4. Bg2 Be7 5. b3 O-O 6. O-O b6 7. Bb2 Bb7 8. e3 c5
9. Nc3 Nc6 10. d3 Qd7 11. Qe2 Rfd8 12. Rfd1 Bf8 13. Rac1 Rac8 14. Ba1 Qe7 15.
cxd5 exd5 16. d4 cxd4 17. Nxd4 Nxd4 18. Rxd4 Ne4 19. Rdd1 Nxc3 20. Bxc3 d4 21.
Bxb7 Rxc3 22. Rxc3 dxc3 23. Rxd8 Qxd8 24. Be4 g6 25. Qd3 Qc7 26. Qc4 Qxc4 27.
bxc4 Bg7 28. Kf1 Kf8 29. Ke2 Ke7 30. Kd3 Kd6 31. Bd5 Ke7 32. Kc2 h6 33. f4 f5
34. Kb3 Bf6 35. Bg8 Kf8 36. Bd5 Ke7 37. Bg8 Kf8 38. Bd5 1/2-1/2

[Event "NAT Grächen VS"]
[Site "?"]
[Date "2013.??.??"]
[Round "4"]
[White "Stoeri, Laura"]
[Black "Catsiapis, Yiannis"]
[Result "1-0"]
[WhiteElo "2186"]
[BlackElo "1939"]
[PlyCount "51"]
[SourceDate "2013.07.11"]

1. e4 e5 2. Nf3 Nc6 3. Bb5 f5 4. Nc3 fxe4 5. Nxe4 Nf6 6. Nxf6+ Qxf6 7. Qe2 Be7
8. Bxc6 bxc6 9. Nxe5 O-O 10. O-O Qe6 11. Re1 Bc5 12. Nf3 Qxe2 13. Rxe2 d6 14.
d4 Bb6 15. a4 Bg4 16. Re4 Bxf3 17. gxf3 a5 18. Kg2 Rf6 19. Ra3 Raf8 20. Rd3 h5
21. Bg5 Rg6 22. h4 d5 23. Re5 Rf4 24. c3 Rxh4 25. Rf5 c5 26. Rd1 1-0

[Event "NAT Grächen VS"]
[Site "?"]
[Date "2013.??.??"]
[Round "4"]
[White "Zaza, Ludovic"]
[Black "Meylan, André"]
[Result "0-1"]
[WhiteElo "2039"]
[BlackElo "2183"]
[PlyCount "60"]
[SourceDate "2013.07.11"]

1. e4 Nf6 2. e5 Nd5 3. d4 d6 4. Nf3 dxe5 5. Nxe5 c6 6. Bd3 Nd7 7. Nf3 N7f6 8.
c3 Bg4 9. Na3 e6 10. Nc4 Be7 11. Nce5 Bh5 12. Qc2 O-O 13. g4 Bxg4 14. Ng5 g6
15. Nxh7 Kxh7 16. Bxg6+ Kh8 17. Bxf7 Bf5 18. Qd2 Ng4 19. Rg1 Bg5 20. Qxg5 Qxg5
21. Bxg5 Nxe5 22. dxe5 Rxf7 23. O-O-O c5 24. c4 Nb4 25. Bf6+ Kh7 26. Rg5 Nxa2+
27. Kd2 Rd7+ 28. Ke2 Rxd1 29. Rg7+ Kh6 30. Kxd1 b6 0-1

[Event "NAT Grächen VS"]
[Site "?"]
[Date "2013.??.??"]
[Round "4"]
[White "Wyss, Peter"]
[Black "Burnier, David"]
[Result "0-1"]
[WhiteElo "2045"]
[BlackElo "2358"]
[PlyCount "44"]
[SourceDate "2013.07.11"]

1. e4 e5 2. Nf3 Nc6 3. Bb5 a6 4. Ba4 Nge7 5. d4 exd4 6. Nxd4 d6 7. Bg5 Bd7 8.
c3 h6 9. Be3 b5 10. Bc2 Ne5 11. Nd2 c5 12. N4f3 N7g6 13. h3 Be7 14. O-O O-O 15.
Nxe5 dxe5 16. Qh5 Qc7 17. Bd1 Rad8 18. Bg4 Bc6 19. g3 Nf4 20. gxf4 exf4 21.
Bxc5 Rxd2 22. f3 g6 0-1

[Event "NAT Grächen VS"]
[Site "?"]
[Date "2013.??.??"]
[Round "4"]
[White "Kosteniuk, Alexandra"]
[Black "Deubelbeiss, René"]
[Result "1-0"]
[WhiteElo "2521"]
[BlackElo "2081"]
[PlyCount "63"]
[SourceDate "2013.07.11"]

1. e4 c5 2. Nf3 d6 3. d4 cxd4 4. Nxd4 Nf6 5. Nc3 a6 6. Bg5 e6 7. f4 Qc7 8. Bxf6
gxf6 9. Qd2 b5 10. Be2 h5 11. Bf3 b4 12. Nce2 Nd7 13. O-O-O Rb8 14. Kb1 Be7 15.
Ng3 h4 16. Nf1 Nc5 17. f5 a5 18. fxe6 fxe6 19. Ne3 a4 20. Rhe1 Kf7 21. Qe2 Bd7
22. Rf1 Qa5 23. Nc4 Qc7 24. Bh5+ Kf8 25. e5 dxe5 26. Nxe5 b3 27. Ng6+ Kg7 28.
Nxe7 bxa2+ 29. Ka1 a3 30. Qg4+ Kf8 31. Ng6+ Ke8 32. Nxh8+ 1-0

[Event "NAT Grächen VS"]
[Site "?"]
[Date "2013.??.??"]
[Round "4"]
[White "Turkmani, Julian"]
[Black "Lombard, André"]
[Result "1/2-1/2"]
[WhiteElo "2071"]
[BlackElo "2364"]
[PlyCount "50"]
[SourceDate "2013.07.11"]

1. e4 c6 2. Ne2 d5 3. e5 c5 4. d4 Nc6 5. c3 Bf5 6. Ng3 Bg6 7. Be3 e6 8. h4 cxd4
9. cxd4 Bxb1 10. Rxb1 Bb4+ 11. Ke2 f6 12. f4 Nh6 13. Kf2 O-O 14. Kg1 Ba5 15.
Rh3 Bb6 16. exf6 Qxf6 17. Nh5 Qe7 18. g4 g6 19. f5 gxh5 20. Bxh6 Bxd4+ 21. Kh1
Bg7 22. Bg5 Bf6 23. Bh6 Bg7 24. Bg5 Bf6 25. Bh6 Bg7 1/2-1/2

[Event "NAT Grächen VS"]
[Site "?"]
[Date "2013.??.??"]
[Round "4"]
[White "Känel, Hans-Jürg"]
[Black "Künzli, Simon"]
[Result "1/2-1/2"]
[WhiteElo "2331"]
[BlackElo "2037"]
[PlyCount "46"]
[SourceDate "2013.07.11"]

1. Nf3 d5 2. e3 c6 3. c4 Nf6 4. d4 e6 5. a3 a5 6. b3 Nbd7 7. Nbd2 Bd6 8. Bb2
Qe7 9. Be2 O-O 10. O-O e5 11. dxe5 Nxe5 12. cxd5 Nxd5 13. Nxe5 Bxe5 14. Bxe5
Qxe5 15. Nc4 Qc7 16. Bf3 Be6 17. Qc2 Rfd8 18. Rfd1 Nf6 19. h3 Bd5 20. Nd2 Qe7
21. a4 Qb4 22. Bxd5 Rxd5 23. Nc4 Rad8 1/2-1/2

[Event "NAT Grächen VS"]
[Site "?"]
[Date "2013.??.??"]
[Round "4"]
[White "Räber, Markus"]
[Black "Dietiker, Manuel"]
[Result "1-0"]
[WhiteElo "2245"]
[BlackElo "1954"]
[PlyCount "85"]
[SourceDate "2013.07.11"]

1. d4 Nf6 2. Nf3 e6 3. c4 b6 4. g3 Bb7 5. Bg2 c5 6. dxc5 Bxc5 7. O-O O-O 8. Nc3
d5 9. cxd5 Nxd5 10. Ne4 Be7 11. Qc2 Nd7 12. Bd2 N7f6 13. Nfg5 Rc8 14. Qa4 Bc6
15. Qb3 Nxe4 16. Nxe4 Nf6 17. Nxf6+ Bxf6 18. Rfd1 Bxg2 19. Kxg2 Qd5+ 20. Qxd5
exd5 21. Bb4 Rfe8 22. Rd2 Rc4 23. Ba3 Rce4 24. Rc1 h6 25. Rcc2 Rc4 26. b3 Rxc2
27. Rxc2 Re6 28. Kf3 Kh7 29. Rc7 a5 30. Rxf7 Rc6 31. Rb7 Rc2 32. Rxb6 Rxa2 33.
Bc5 a4 34. bxa4 Rxa4 35. Rb4 Ra3+ 36. e3 Ra2 37. Bd4 Kg6 38. Rb6 Rd2 39. g4 Kf7
40. Bxf6 gxf6 41. Rb7+ Kg6 42. Rb4 f5 43. Rb6+ 1-0

[Event "NAT Grächen VS"]
[Site "?"]
[Date "2013.??.??"]
[Round "4"]
[White "Schnweuly, Achim"]
[Black "Salzgeber, Frank"]
[Result "1/2-1/2"]
[WhiteElo "2070"]
[BlackElo "2209"]
[PlyCount "163"]
[SourceDate "2013.07.11"]

1. d4 Nf6 2. Nf3 e6 3. Nbd2 d5 4. e3 c5 5. c3 Nc6 6. Bd3 Bd6 7. O-O O-O 8. dxc5
Bxc5 9. e4 Qc7 10. Qe2 b6 11. b4 Bd6 12. Bb2 Ng4 13. h3 Nge5 14. Rfe1 Bb7 15.
exd5 Nxd3 16. Qxd3 exd5 17. Ng5 g6 18. c4 Ne5 19. Qd4 dxc4 20. Rxe5 Bxe5 21.
Qxe5 Qxe5 22. Bxe5 f6 23. Ne6 Rfe8 24. Nc7 Rxe5 25. Nxa8 Bxa8 26. Nxc4 Re4 27.
Rc1 Bd5 28. Nd6 Rxb4 29. Rc8+ Kg7 30. Rc7+ Kh6 31. Rxa7 Rb1+ 32. Kh2 Rb2 33.
Nf7+ Bxf7 34. Rxf7 Rxf2 35. Rb7 Rb2 36. a4 Rb4 37. Ra7 g5 38. a5 bxa5 39. Rxa5
Rb2 40. Rc5 Kg6 41. Rc6 h5 42. Ra6 Re2 43. Kg3 h4+ 44. Kf3 Re5 45. Kf2 Kf5 46.
Rb6 Re6 47. Rb4 Re4 48. Rb6 Ke5 49. Ra6 f5 50. Ra5+ Kf4 51. Ra3 Rc4 52. Rf3+
Ke4 53. Re3+ Kd4 54. Re8 Rc2+ 55. Kf3 Rc3+ 56. Kf2 Kd5 57. Rg8 Rg3 58. Rd8+ Ke5
59. Re8+ Kf4 60. Ra8 Re3 61. Ra4+ Re4 62. Ra3 g4 63. hxg4 fxg4 64. Ra8 g3+ 65.
Kf1 Re5 66. Ra4+ Kg5 67. Rb4 Rf5+ 68. Kg1 Kh5 69. Ra4 Rb5 70. Ra1 Rb4 71. Rc1
Kg4 72. Ra1 h3 73. gxh3+ Kxh3 74. Rc1 Rb2 75. Ra1 Rg2+ 76. Kh1 Re2 77. Kg1 Re3
78. Rc1 Kg4 79. Ra1 Kf3 80. Rf1+ Kg4 81. Ra1 Re2 82. Rc1 1/2-1/2

[Event "ST Grächen VS"]
[Site "?"]
[Date "2013.??.??"]
[Round "2"]
[White "Müller, Lutz"]
[Black "Vulevic, Vjekoslav"]
[Result "0-1"]
[WhiteElo "2056"]
[BlackElo "2340"]
[PlyCount "69"]
[SourceDate "2013.07.11"]

1. d4 Nf6 2. Nf3 g6 3. c4 Bg7 4. Nc3 d5 5. cxd5 Nxd5 6. e4 Nb6 7. Bb5+ c6 8.
Be2 O-O 9. h3 a5 10. O-O Na6 11. Bf4 Be6 12. Qd2 Bc4 13. Rfd1 Bxe2 14. Qxe2 Nd7
15. d5 cxd5 16. Rxd5 Nb4 17. Rd2 Qc8 18. Rad1 Nc5 19. e5 Ne6 20. Be3 Rd8 21.
Rxd8+ Nxd8 22. Bb6 Ne6 23. a3 Nc6 24. Nd5 a4 25. Qe4 Qe8 26. h4 h6 27. Rc1 Bf8
28. Rc4 Qd7 29. h5 g5 30. Rc1 Ra6 31. Qc4 Bg7 32. Re1 g4 33. Nf6+ exf6 34. Qxg4
f5 35. Qxf5 0-1

[Event "ST Grächen VS"]
[Site "?"]
[Date "2013.??.??"]
[Round "2"]
[White "Vucenovic, Dragomir"]
[Black "Bischoff, Peter"]
[Result "1-0"]
[WhiteElo "2271"]
[BlackElo "2089"]
[PlyCount "105"]
[SourceDate "2013.07.11"]

1. d4 Nf6 2. Nf3 g6 3. g3 Bg7 4. Bg2 O-O 5. O-O d6 6. c4 Nbd7 7. Nc3 e5 8. h3
c6 9. e4 Ne8 10. Re1 f5 11. exf5 Rxf5 12. Be3 Rf8 13. d5 Nb6 14. b3 Bf5 15. Rc1
Rc8 16. dxc6 bxc6 17. c5 e4 18. Nd4 dxc5 19. Nxf5 gxf5 20. Bxc5 Rf7 21. Qc2 Rd7
22. Red1 Rcc7 23. Bf1 Nf6 24. Ne2 Nfd5 25. a4 Bh6 26. Rb1 e3 27. f4 Qf6 28. Bg2
Qg6 29. a5 Nc8 30. Qc4 Qf7 31. Nd4 Nd6 32. Qd3 Ne4 33. Bxe4 fxe4 34. Qc4 Qg6
35. Kh2 Rg7 36. Rg1 Rcf7 37. Ne2 Qh5 38. Rbf1 Qf5 39. Bd4 Rg6 40. Be5 Bf8 41.
g4 Qe6 42. Ng3 Bd6 43. Bxd6 Qxd6 44. Nh5 Qa3 45. Rg2 Qxa5 46. Qxe4 Qd8 47. g5
Kf8 48. Ng3 Qe8 49. Qd4 Qb8 50. Nh5 Qb6 51. Qh8+ Rg8 52. Qe5 Qxb3 53. Rb2 1-0

[Event "ST Grächen VS"]
[Site "?"]
[Date "2013.??.??"]
[Round "2"]
[White "Ernst, Heinz"]
[Black "Bhend, Edwin"]
[Result "0-1"]
[WhiteElo "2013"]
[BlackElo "2249"]
[PlyCount "106"]
[SourceDate "2013.07.11"]

1. d4 d5 2. c4 Nc6 3. Nf3 Bg4 4. cxd5 Bxf3 5. gxf3 Qxd5 6. e3 e5 7. dxe5 Qxd1+
8. Kxd1 Nxe5 9. Be2 O-O-O+ 10. Kc2 Nf6 11. Bd2 Be7 12. Nc3 c6 13. Rhg1 g6 14.
Rad1 Rhe8 15. Bc1 Rxd1 16. Bxd1 Nfd7 17. Be2 f5 18. f4 Nf7 19. b3 Bf6 20. Bf3
Rd8 21. Ba3 Nb6 22. Rd1 Rxd1 23. Nxd1 Kd7 24. Bc5 Nd6 25. Kd3 Ke6 26. Bd4 Bxd4
27. Kxd4 Nb5+ 28. Kd3 Nd7 29. a4 Nd6 30. Nc3 Nc5+ 31. Kc2 a5 32. Be2 Kf6 33. h4
Ke7 34. f3 Kf6 35. Kb2 Kg7 36. Ka3 Kh6 37. b4 axb4+ 38. Kxb4 Nd7 39. e4 Kh5 40.
e5 Nc8 41. Bc4 Nf8 42. a5 Kxh4 43. Na4 Kg3 44. Nc5 h5 45. Nxb7 h4 46. e6 h3 47.
a6 Nxe6 48. Bxe6 Nb6 49. Kc5 Na8 50. Kxc6 h2 51. Bd5 h1=Q 52. Nc5 Qh7 53. Nd7
Qe7 0-1

[Event "ST Grächen VS"]
[Site "?"]
[Date "2013.??.??"]
[Round "2"]
[White "Huss, Benjamin"]
[Black "Kock, Hans-Uwe"]
[Result "1-0"]
[WhiteElo "2136"]
[BlackElo "2005"]
[PlyCount "115"]
[SourceDate "2013.07.11"]

1. e4 c6 2. d4 d5 3. Nd2 g6 4. Ngf3 Bg7 5. c3 e6 6. g3 Ne7 7. Bg2 O-O 8. O-O
Nd7 9. Re1 b6 10. h4 Bb7 11. h5 Nf6 12. hxg6 hxg6 13. e5 Nh7 14. Nf1 Nf5 15.
N1h2 c5 16. Ng4 Rc8 17. Bf1 cxd4 18. cxd4 Qe7 19. Bd2 Rc7 20. Rc1 Rfc8 21. Rxc7
Rxc7 22. Bd3 Bc8 23. Kg2 Rc4 24. b3 Rxd4 25. Nxd4 Nxd4 26. Qc1 Bb7 27. Bh6 f5
28. exf6 Nxf6 29. Bxg7 Qxg7 30. Nxf6+ Qxf6 31. Qf4 Qxf4 32. gxf4 Kf7 33. Rc1
Bc6 34. f3 Ke7 35. Kf2 Kd6 36. Rg1 Be8 37. Ke3 Nf5+ 38. Bxf5 gxf5 39. Kd4 a5
40. a3 Bb5 41. Re1 Ba6 42. a4 Bb7 43. Rc1 Ba6 44. Rc2 Bb7 45. Rh2 Ba6 46. Rb2
Bb7 47. b4 Bc6 48. b5 Bd7 49. Rh2 Be8 50. Rh7 Bd7 51. Rh8 Kc7 52. Ke5 Bc8 53.
Rh7+ Kb8 54. Kd6 d4 55. Kc6 d3 56. Kxb6 d2 57. Rh1 Bb7 58. Rh8+ 1-0